MARC details
| 000 -LEADER |
| campo de control de longitud fija |
01953cam a2200409 c 4500 |
| 001 - NÚMERO DE CONTROL |
| campo de control |
193616 |
| 003 - IDENTIFICADOR DE NÚMERO DE CONTROL |
| campo de control |
SpMaBN |
| 005 - FECHA Y HORA DE LA ÚLTIMA TRANSACCIÓN |
| campo de control |
20250730221501.0 |
| 008 - DATOS DE LONGITUD FIJA--INFORMACIÓN GENERAL |
| campo de control de longitud fija |
930725s1847 sp a | |||| 000 0 spa |
| 016 7# - NÚMERO DE CONTROL DE UNA AGENCIA BIBLIOGRÁFICA NACIONAL |
| Número de control del registro |
bimoBNE19994531643 |
| Número de control cancelado/no válido |
IND9300614635 |
| Fuente |
SpMaBN |
| 035 ## - NÚMERO DE CONTROL DEL SISTEMA |
| Número de control de sistema |
(OCoLC)432657878 |
| 040 ## - FUENTE DE CATALOGACIÓN |
| Centro catalogador/agencia de origen |
SpMaBN |
| Lengua de catalogación |
spa |
| Centro/agencia transcriptor |
A2 |
| Centro/agencia modificador |
SpMaBN |
| 080 ## - NÚMERO DE LA CLASIFICACIÓN DECIMAL UNIVERSAL |
| Número de la Clasificación Decimal Universal |
94(460) |
| Identificador de la edición |
summary |
| 080 ## - NÚMERO DE LA CLASIFICACIÓN DECIMAL UNIVERSAL |
| Número de la Clasificación Decimal Universal |
929 Pedro (460.18) I |
| 080 ## - NÚMERO DE LA CLASIFICACIÓN DECIMAL UNIVERSAL |
| Número de la Clasificación Decimal Universal |
94(460.18)"1350/69" |
| 100 1# - ENTRADA PRINCIPAL--NOMBRE DE PERSONA |
| Nombre de persona |
Montoto, José María |
| Fechas asociadas al nombre |
1818-1886 |
| Número de control del registro de autoridad o número normalizado |
XX1134233 |
| 9 (RLIN) |
234958 |
| 245 10 - MENCIÓN DEL TÍTULO |
| Título |
Historia del reinado de D. Pedro Primero de Castilla, llamado El Cruel |
| Mención de responsabilidad, etc. |
por J.M.M. |
| 250 ## - MENCION DE EDICION |
| Mención de edición |
2ª ed. |
| 260 ## - PUBLICACIÓN, DISTRIBUCIÓN, ETC. |
| Lugar de publicación, distribución, etc. |
[S.l.] |
| Nombre del editor, distribuidor, etc. |
[s.n.] |
| Fecha de publicación, distribución, etc. |
1847 |
| Lugar de fabricación/manufactura |
Sevilla |
| Fabricante |
Imp. de Carlos Santigosa |
| 300 ## - DESCRIPCIÓN FÍSICA |
| Extensión |
XIII, 360 p. |
| Otras características físicas |
il. |
| Dimensiones |
21 cm |
| 336 ## - TIPO DE CONTENIDO |
| Término de tipo de contenido |
Texto (visual) |
| Fuente |
isbdcontent |
| 337 ## - TIPO DE MEDIO |
| Nombre/término del tipo de medio |
sin mediación |
| Fuente |
isbdmedia |
| 510 ## - NOTA DE CITAS O REFERENCIAS BIBLIOGRÁFICAS |
| Nombre de la fuente |
CCPB,<br/> |
| Localización dentro de la fuente |
000129789-9 |
| 600 04 - PUNTO DE ACCESO ADICIONAL DE MATERIA--NOMBRE DE PERSONA |
| Nombre de persona |
Pedro |
| Numeración |
I, |
| Títulos y otros términos asociados al nombre |
Rey de Castilla |
| Número de control del registro de autoridad o número normalizado |
http://datos.bne.es/resource/XX920673 |
| 9 (RLIN) |
89923 |
| 651 #7 - PUNTO DE ACCESO ADICIONAL DE MATERIA--NOMBRE GEOGRÁFICO |
| Nombre geográfico |
Castilla (Reino) |
| Subdivisión general |
Historia |
| Subdivisión cronológica |
1350-1369 (Pedro I) |
| Fuente del encabezamiento o término |
embne |
| 9 (RLIN) |
173034 |
| 852 ## - LOCALIZACIÓN |
| Ubicación |
Es-MaACL |
| Sublocalización o colección |
R.154985 |
| Ubicación en estantería |
Depósito 2 |
| Número de control de estantería |
G-16025 |
| Donativo/Legado |
Donación: Juan A. Porto |
| itemnumber |
204528 |
| Encuadernación |
Encuadernación holandesa |
| 856 41 - LOCALIZACIÓN Y ACCESO ELECTRÓNICOS |
| Identificador Uniforme de Recursos |
<a href="http://bdh-rd.bne.es/viewer.vm?id=0000140959&page=1">http://bdh-rd.bne.es/viewer.vm?id=0000140959&page=1</a> |
| Texto de enlace |
Biblioteca Digital Hispánica |
| 903 ## - NOMBRE PERSONAL DE DONANTE |
| 9 |
93285 |
| a |
Porto, Juan Antonio, |
| d |
1937-2021 |
| e |
Donante |
| 942 ## - ELEMENTOS DE ENTRADA SECUNDARIOS (KOHA) |
| Fuente del sistema de clasificación o colocación |
Clasificación decimal universal |
| Tipo de ítem Koha |
Libro impreso antiguo |
| Suprimir en OPAC |
No |
| 956 ## - LOCALIZACIÓN Y ACCESO ELECTRÓNICOS LOCAL (OCLC) |
| Nombre del host |
1 2 |
| 980 ## - EQUIVALENCIA O REFERENCIA-CRUZADA-MENCIÓN DE SERIE--NOMBRE DE PERSONA/TÍTULO [LOCAL, CANADÁ] |
| Títulos y otros términos asociados al nombre |
Donado por |
| Nombre de persona |
María Forero |
| Fechas asociadas al nombre |
diciembre 2013 |
| Nombre de persona |
Cartoné |
| -- |
SpMaBN |
| Numeración |
BNALCALA |
| Calificador de atribución |
DL/2199034(2) |
| Títulos y otros términos asociados al nombre |
CONSERVACI |
| 980 ## - EQUIVALENCIA O REFERENCIA-CRUZADA-MENCIÓN DE SERIE--NOMBRE DE PERSONA/TÍTULO [LOCAL, CANADÁ] |
| Nombre de persona |
Recuperado 20230714 |
| -- |
Encuadernación holandesa |
| -- |
SpMaBN |
| Numeración |
BNMADRID |
| Calificador de atribución |
2/18346 |
| Títulos y otros términos asociados al nombre |
SALA_CERV |
| 980 ## - EQUIVALENCIA O REFERENCIA-CRUZADA-MENCIÓN DE SERIE--NOMBRE DE PERSONA/TÍTULO [LOCAL, CANADÁ] |
| Títulos y otros términos asociados al nombre |
Legado de |
| Nombre de persona |
Manuela Cortina y Rodríguez, Marquesa de Cortina |
| Fechas asociadas al nombre |
abril de 1908 |
| Nombre de persona |
Manuel Cortina y Arenzana (1802-1879) |
| -- |
Encuadernación en tafilete verde con cortes, cantos, contracantos, filetes y adornos dorados |
| -- |
SpMaBN |
| Numeración |
BNMADRID |
| Calificador de atribución |
1/35845 |
| Títulos y otros términos asociados al nombre |
SG_RECOLET |